000 01085amm a2200361a 44500
008 180507s2018 cat
041 _acat
041 _beng
041 _bfre
041 _bspa
080 _a551.5(038)
100 _aJorge Sánchez, Joan
_961034
245 _aDiccionari de meteorologia
_h[en línia]
_cJoan Jorge Sánchez; Joan Josep Rivera Amores
260 _aBarcelona
_bTERMCAT, Centre de Terminologia
_c2018
365 _b2.000
365 _cptes
490 _aDiccionaris en Línia
500 _btermcat
520 _a876
546 _acatalà
591 _aUPC-METEOR-E
592 _aObra terminològica
593 _aCE
650 _ameteorologia
_961036
700 _aRivera Amores, Joan Josep
_961035
710 _aUniversitat Politècnica de Catalunya.Servei de Llengües i Terminologia
_960616
830 _aDiccionaris en Línia
_974364
856 _uhttp://www.termcat.cat/ca/Diccionaris_En_Linia/249/
901 _ccop. <2018>
902 _a180507
942 _cMO
_n0
_2ddc
999 _c67344
_d67344